Grow now/clean later, or the pursuit of sustainable development? / (Registro nro. 1915)

Detalles MARC
000 -CABECERA
Campo de control 00868cam a22002297a 4500
005 - FECHA Y HORA DE LA ULTIMA TRANSACCION
Campo de control 20160224104522.0
008 - ELEMENTOS DE LONGITUD FIJA—INFORMACION GENERAL
Campo de control 960913s1996 fr b 000 0 eng
040 ## - FUENTE DE CATALOGACIÓN
Agencia catalogadora original DLC
Agencia transcriptora DLC
Agencia Modificadora DLC
-- CO-BoIAVH
041 0# - IDIOMA
Código de idioma para texto/pista de sonido o título separado Inglés
044 ## - PAÍS DE PUBLICACIÓN
País de publicación Francia
082 04 - NUMERO DE CLASIFICACION DECIMAL DEWEY
Número de clasificación 333.714
Número del ítem O18g
100 1# - ASIENTO PRINCIPAL--NOMBRE PERSONAL
Nombre personal O'Connor, David C.,
Fechas asociadas con el nombre 1953-
9 (RLIN) 62519
245 10 - MENCION DE TITULO
Título Grow now/clean later, or the pursuit of sustainable development? /
Mención de responsabilidad by David O'Connor
260 ## - PUBLICACION, DISTRIBUCION, ETC. (PIE DE IMPRENTA)
Lugar de publicación, distribución, etc. París (Francia) :
Nombre del editor, distribuidor, etc. Organisation for Economic Co-operation and Development,
Fecha de publicación, distribución, etc. 1996.
300 ## - DESCRIPCION FISICA
Extensión 53 páginas ;
Dimensiones 30 x 21 cm.
490 0# - MENCION DE SERIE
Mención de serie OECD Technical papers ;
Designación numérica/secuencial del volumen 111
504 ## - NOTA DE BIBLIOGRAFIA, ETC.
Nota de bibliografía Incluye referencias bibliográficas (páginas 45-47).
650 #6 - ASIENTO SECUNDARIO DE MATERIA - TERMINO TEMATICO
Término temático o nombre geográfico como elemento de entrada Desarollo sostenible
Subdivisión geográfica Asia oriental.
9 (RLIN) 62520
650 #6 - ASIENTO SECUNDARIO DE MATERIA - TERMINO TEMATICO
Término temático o nombre geográfico como elemento de entrada Desarrollo ecoómico
Subdivisión general Aspectos ambientales.
9 (RLIN) 62521
651 #6 - ASIENTO SECUNDARIO DE MATERIA - NOMBRE GEOGRAFICO
Nombre geográfico Asia oriental
Subdivisión general Política económica.
9 (RLIN) 62522
942 ## - ELEMENTOS ADICIONALES (KOHA)
Sistema de clasificación Dewey Decimal Classification
Tipo de ítem Libro
Existencias
Withdrawn status Lost status Sistema de Clasificación Damaged status No para préstamo Colección Inventariado Ubicación Permanente Ubicación actual Fecha de adquisición Fuente de Valor Valor Total Checkouts Número topográfico Inventario / Código de Barras Date last seen Ejemplar Price effective from Forma de adquisición Tipo de material
    Dewey Decimal Classification     General Inventariado 2017 Bogotá Bogotá 25/01/2001 Instituto 39000.00   LB-333.714 O18g 002390 04/12/2012 Ej. 1 04/12/2012   Libro